[Event "FRA-chT Top 16 Basse"]
[Site "Belfort"]
[Date "2025.05.30"]
[Round "2.2"]
[White "Grandelius, Nils"]
[Black "Fedorchuk, Sergey A"]
[Result "1/2-1/2"]
[WhiteElo "2637"]
[BlackElo "2565"]
[PlyCount "115"]
[EventDate "2025.05.29"]
[EventType "team-tourn"]
[EventRounds "4"]
[EventCountry "FRA"]
[SourceTitle "CB23_2025"]
[SourceDate "2025.06.04"]
[SourceVersion "1"]
[SourceVersionDate "2025.06.04"]
[SourceQuality "1"]
[WhiteTeam "Chalon"]
[BlackTeam "Lyon"]
[WhiteTeamCountry "FRA"]
[BlackTeamCountry "FRA"]

1. e4 c5 2. Nf3 e6 3. d4 cxd4 4. Nxd4 Nf6 5. Nc3 Nc6 6. Nxc6 bxc6 7. e5 Nd5 8. Ne4 Bb7 9. Be2 c5 10. 0-0 Qc7 11. Nd6+ Bxd6 12. exd6 Qc6 13. f3 c4 14. Qd4 0-0 15. Bxc4 Rfc8 16. b3 Qxd6 17. Rd1 Qb6 18. Qxb6 Nxb6 19. Bd3 a5 20. Bd2 d5 21. Rac1 a4 22. Be3 Nd7 23. Bb5 Bc6 24. Bxc6 Rxc6 25. c4 axb3 26. axb3 Rac8 27. cxd5 Rxc1 28. Bxc1 exd5 29. Be3 Nf6 30. b4 Rc3 31. Bc5 Rb3 32. Rd2 h5 33. Kf2 Kh7 34. Ke2 Kg6 35. Rd3 Rb2+ 36. Rd2 Rb3 37. Kd1 Rc3 38. Rc2 Rd3+ 39. Rd2 Rc3 40. Be7 h4 41. h3 Kf5 42. Bxf6 Kxf6 43. Rxd5 Ke6 44. Rg5 f5 45. Rxg7 Rb3 46. Rb7 Rb2 47. b5 Rxg2 48. b6 Rb2 49. Rh7 Ke5 50. b7 Kf4 51. Rxh4+ Kxf3 52. Rh7 f4 53. h4 Kg4 54. h5 f3 55. Ke1 Rb1+ 56. Kf2 Rb2+ 57. Kf1 Rb1+ 58. Kf2 1/2-1/2

[Event "Bundesliga 2425"]
[Site "Germany"]
[Date "2025.04.26"]
[Round "14.1"]
[White "Grandelius, Nils"]
[Black "Kazakouski, Valery"]
[Result "1/2-1/2"]
[WhiteElo "2653"]
[BlackElo "2577"]
[PlyCount "74"]
[EventDate "2024.09.28"]
[EventType "team-tourn"]
[EventRounds "15"]
[EventCountry "GER"]
[SourceTitle "CB18_2025"]
[SourceDate "2025.04.30"]
[SourceVersion "1"]
[SourceVersionDate "2025.04.30"]
[SourceQuality "1"]
[WhiteTeam "Hamburger SK"]
[BlackTeam "Bad Mergentheim"]
[WhiteTeamCountry "GER"]
[BlackTeamCountry "GER"]

1. e4 e5 2. Nf3 Nc6 3. Bb5 Nf6 4. 0-0 Nxe4 5. Re1 Nd6 6. Nxe5 Be7 7. Bf1 Nf5 8. Nf3 0-0 9. d4 d5 10. Nc3 Bb4 11. h3 h6 12. Bf4 Nce7 13. a3 Ba5 14. b4 Bb6 15. Na4 c6 16. Nxb6 axb6 17. a4 Nd6 18. Bd3 Nc4 19. Qc1 Ng6 20. Bg3 Bd7 21. c3 Re8 22. Rxe8+ Qxe8 23. Qc2 Be6 24. Re1 Ne7 25. Ne5 Nxe5 26. Bxe5 Qd7 27. Re3 Rf8 28. Bf4 Nf5 29. Bxf5 Bxf5 30. Qe2 Be6 31. Qh5 Kh7 32. Rg3 Rg8 33. Qe2 Re8 34. Re3 f6 35. Bg3 Bf7 36. Rxe8 Qxe8 37. Qxe8 Bxe8 1/2-1/2

[Event "EU-ch 25th"]
[Site "Eforie Nord"]
[Date "2025.03.22"]
[Round "7"]
[White "Grandelius, Nils"]
[Black "Kosakowski, Jakub"]
[Result "1-0"]
[WhiteElo "2644"]
[BlackElo "2515"]
[PlyCount "71"]
[EventDate "2025.03.15"]
[EventType "swiss"]
[EventRounds "11"]
[EventCountry "ROU"]
[SourceTitle "CB13_2025"]
[SourceDate "2025.03.26"]
[SourceVersion "1"]
[SourceVersionDate "2025.03.26"]
[SourceQuality "1"]

1. e4 c5 2. Nf3 d6 3. d4 cxd4 4. Nxd4 Nf6 5. Nc3 a6 6. Bd3 g6 7. f3 e5 8. Nb3 Be6 9. Be3 Nbd7 10. Qd2 b5 11. 0-0 Be7 12. Bh6 Bf8 13. Bxf8 Kxf8 14. Kh1 Kg7 15. f4 Bxb3 16. axb3 exf4 17. Rxf4 Qe7 18. b4 Rhf8 19. Be2 Qe5 20. Rd1 a5 21. bxa5 b4 22. Nb5 Nxe4 23. Rxe4 Qxe4 24. Bf3 Qe5 25. Bxa8 Qxb5 26. Qd5 Nc5 27. Ra1 Qe2 28. Qd4+ Kg8 29. Bd5 Qxc2 30. h3 Nb3 31. Bxb3 Qxb3 32. a6 Ra8 33. a7 h5 34. Qxd6 Kh7 35. Qb8 Qxb2 36. Rf1 1-0

[Event "EU-ch 25th"]
[Site "Eforie Nord"]
[Date "2025.03.17"]
[Round "3"]
[White "Grandelius, Nils"]
[Black "Baum, Jonasz"]
[Result "1/2-1/2"]
[WhiteElo "2644"]
[BlackElo "2469"]
[PlyCount "128"]
[EventDate "2025.03.15"]
[EventType "swiss"]
[EventRounds "11"]
[EventCountry "ROU"]
[SourceTitle "CB13_2025"]
[SourceDate "2025.03.26"]
[SourceVersion "1"]
[SourceVersionDate "2025.03.26"]
[SourceQuality "1"]

1. c4 e6 2. Nc3 Nf6 3. e4 c5 4. Nf3 Nc6 5. d4 cxd4 6. Nxd4 Bb4 7. Nxc6 bxc6 8. Bd3 e5 9. 0-0 0-0 10. h3 Bxc3 11. bxc3 d6 12. f4 exf4 13. Bxf4 Qe7 14. Bc2 Rd8 15. Qd3 h6 16. Rad1 Ba6 17. Bxd6 Qe6 18. Rxf6 Qxf6 19. e5 Qg6 20. Qxg6 fxg6 21. e6 Bxc4 22. e7 Rd7 23. Bxg6 Bf7 24. Bf5 Rb7 25. Bb4 Re8 26. Rd8 Rb8 27. Ba5 Rb5 28. Be6 Bxe6 29. Rxe8+ Kf7 30. Ra8 Rb1+ 31. Kh2 Kxe7 32. Rxa7+ Kf6 33. Bd8+ Kg6 34. Bc7 Rb2 35. Be5 Kf5 36. Bd4 g5 37. c4 Rd2 38. Ra5+ Kg6 39. Be3 Re2 40. Ra3 Bxc4 41. Kg1 Bxa2 42. Bf2 Bd5 43. Ra8 Rc2 44. Rd8 h5 45. Rd6+ Kf5 46. Rh6 h4 47. Rd6 Be4 48. Rd8 Bd5 49. Rd6 Ra2 50. Rd7 Ra4 51. Ra7 Rc4 52. Kh2 g4 53. hxg4+ Rxg4 54. g3 Rg8 55. Ra4 Be4 56. Be1 h3 57. Bc3 Bg2 58. Rf4+ Ke6 59. g4 Rg5 60. Rf6+ Kd7 61. Rf4 Rb5 62. Bd2 Rd5 63. Rf2 Ke6 64. g5 Rf5 1/2-1/2

[Event "EU-ch 25th"]
[Site "Eforie Nord"]
[Date "2025.03.16"]
[Round "2"]
[White "Psyk, Radoslaw"]
[Black "Grandelius, Nils"]
[Result "1/2-1/2"]
[WhiteElo "2467"]
[BlackElo "2644"]
[PlyCount "141"]
[EventDate "2025.03.15"]
[EventType "swiss"]
[EventRounds "11"]
[EventCountry "ROU"]
[SourceTitle "CB13_2025"]
[SourceDate "2025.03.26"]
[SourceVersion "1"]
[SourceVersionDate "2025.03.26"]
[SourceQuality "1"]

1. e4 c5 2. c3 Nf6 3. e5 Nd5 4. Bc4 Nb6 5. Bb3 c4 6. Bc2 Nc6 7. Nf3 g6 8. d4 cxd3 9. Qxd3 d6 10. Qe2 Bg7 11. exd6 Qxd6 12. 0-0 0-0 13. Nbd2 Qc7 14. Ne4 Bg4 15. Neg5 h6 16. h3 Bf5 17. Ne4 Rad8 18. Re1 Nd5 19. Nh4 Bc8 20. a4 b6 21. Bb3 e6 22. g3 Ne5 23. f4 Nd7 24. Nf3 Bb7 25. Bd2 N5f6 26. Nxf6+ Nxf6 27. Be3 Nd5 28. Rad1 Qc6 29. Kf2 Nxe3 30. Qxe3 Rfe8 31. Rxd8 Rxd8 32. Rd1 Re8 33. Rd3 Bf8 34. Qe5 Bc5+ 35. Kg2 Ba6 36. Rd1 Qa8 37. Bc2 Bb7 38. Qe2 a5 39. g4 Qb8 40. Be4 Qc7 41. Qb5 Rb8 42. Rd7 Qc8 43. Bxb7 Rxb7 44. Ne5 Rc7 45. Kg3 g5 46. f5 exf5 47. gxf5 Qe8 48. Rd5 Qe7 49. Qd3 h5 50. Nf3 Qf6 51. Qd2 Be7 52. Qd4 Qxd4 53. Nxd4 Rc4 54. Rb5 Bc5 55. Nb3 Bd6+ 56. Kg2 Rxa4 57. Rxb6 Be5 58. Rb5 f6 59. Nxa5 Re4 60. Nc6 Bf4 61. Nd4 Re3 62. Ne6 Be5 63. Kf2 Rxh3 64. Nxg5 fxg5 65. Rxe5 Kf7 66. Kg2 Rd3 67. Re2 Kf6 68. c4 Rd4 69. Rc2 Rg4+ 70. Kf1 Rf4+ 71. Kg2 1/2-1/2

[Event "Titled Tuesday intern op 04th Mar Early"]
[Site "Chess.com INT"]
[Date "2025.03.04"]
[Round "3"]
[White "Grandelius, Nils"]
[Black "Ben Artzi, Ido"]
[Result "1-0"]
[WhiteElo "2644"]
[BlackElo "2332"]
[PlyCount "85"]
[EventDate "2025.03.04"]
[EventType "swiss (blitz)"]
[EventRounds "11"]
[EventCountry "USA"]
[SourceTitle "CB11_2025"]
[SourceDate "2025.03.12"]
[SourceVersion "1"]
[SourceVersionDate "2025.03.12"]
[SourceQuality "1"]

1. d4 Nf6 2. Nf3 g6 3. g3 Bg7 4. Bg2 0-0 5. 0-0 d6 6. Re1 Nc6 7. d5 Nb8 8. e4 c6 9. c4 cxd5 10. exd5 Na6 11. Nc3 Nc5 12. Nd4 a6 13. h3 e5 14. dxe6 Nxe6 15. Be3 Nxd4 16. Bxd4 Be6 17. b3 Rb8 18. a4 Qc8 19. Qf3 Nd7 20. Bxg7 Kxg7 21. Ne4 d5 22. Ng5 dxc4 23. Rxe6 fxe6 24. Nxe6+ Kg8 25. Nxf8 Qxf8 26. Qd5+ Qf7 27. Qd6 Kh8 28. Rd1 Rd8 29. bxc4 Qxc4 30. Qe7 Qc7 31. a5 Qxa5 32. Rxd7 Rxd7 33. Qe8+ Kg7 34. Qxd7+ Kh6 35. Qxb7 Qe1+ 36. Bf1 a5 37. Qb5 Qa1 38. Kg2 a4 39. Qc5 Kg7 40. Qe7+ Kh6 41. Qf8+ Qg7 42. Qf4+ g5 43. Qxa4 1-0

[Event "Titled Tuesday intern op 04th Mar Early"]
[Site "Chess.com INT"]
[Date "2025.03.04"]
[Round "11"]
[White "Grandelius, Nils"]
[Black "Weetik, Vjacheslav"]
[Result "1-0"]
[WhiteElo "2644"]
[BlackElo "2423"]
[PlyCount "57"]
[EventDate "2025.03.04"]
[EventType "swiss (blitz)"]
[EventRounds "11"]
[EventCountry "USA"]
[SourceTitle "CB11_2025"]
[SourceDate "2025.03.12"]
[SourceVersion "1"]
[SourceVersionDate "2025.03.12"]
[SourceQuality "1"]

1. d4 d5 2. Bf4 Nf6 3. Nc3 e6 4. Nb5 Na6 5. e3 Be7 6. h4 0-0 7. h5 c6 8. Nc3 Qb6 9. Rb1 c5 10. h6 g6 11. Nf3 Ne4 12. Bd3 Nb4 13. Bxe4 dxe4 14. Nxe4 cxd4 15. exd4 f6 16. 0-0 Qc6 17. Nc3 b6 18. Re1 Ba6 19. d5 Qc4 20. Re4 Qc8 21. Rxe6 Rf7 22. Rxe7 Rxe7 23. Bd6 Re8 24. Bxb4 Qg4 25. Qd4 Qf5 26. d6 Bb7 27. Qc4+ Kh8 28. Qf7 Rg8 29. Qxb7 1-0

[Event "Titled Tuesday intern op 25th Feb Early"]
[Site "Chess.com INT"]
[Date "2025.02.25"]
[Round "1"]
[White "Grandelius, Nils"]
[Black "Cattaneo, Marco"]
[Result "1-0"]
[WhiteElo "2644"]
[BlackElo "2288"]
[PlyCount "69"]
[EventDate "2025.02.25"]
[EventType "swiss (blitz)"]
[EventRounds "11"]
[EventCountry "USA"]
[SourceTitle "CB10_2025"]
[SourceDate "2025.03.05"]
[SourceVersion "1"]
[SourceVersionDate "2025.03.05"]
[SourceQuality "1"]

1. d4 d6 2. g3 g6 3. Bg2 Bg7 4. e4 Nc6 5. d5 Nb8 6. c4 c6 7. Nc3 Nf6 8. h3 0-0 9. Nf3 Nbd7 10. 0-0 a6 11. Re1 Qc7 12. Be3 Rb8 13. Rc1 c5 14. a3 b5 15. cxb5 axb5 16. b4 c4 17. Nd4 Ne5 18. Ncxb5 Qd7 19. a4 Nd3 20. Rxc4 Nxe1 21. Qxe1 Ba6 22. Rc7 Qe8 23. Nc6 Bxb5 24. axb5 Rxb5 25. Rxe7 Qa8 26. Ra7 Qe8 27. Bf1 Rb8 28. Re7 Qc8 29. Nxb8 Qxb8 30. b5 Rc8 31. b6 Kf8 32. Ra7 Nxe4 33. b7 Re8 34. Bb5 Nc5 35. Ra8 1-0

[Event "Titled Tuesday intern op 25th Feb Early"]
[Site "Chess.com INT"]
[Date "2025.02.25"]
[Round "9"]
[White "Manukyan, Sargis A"]
[Black "Grandelius, Nils"]
[Result "0-1"]
[WhiteElo "2233"]
[BlackElo "2644"]
[PlyCount "82"]
[EventDate "2025.02.25"]
[EventType "swiss (blitz)"]
[EventRounds "11"]
[EventCountry "USA"]
[SourceTitle "CB10_2025"]
[SourceDate "2025.03.05"]
[SourceVersion "1"]
[SourceVersionDate "2025.03.05"]
[SourceQuality "1"]

1. d4 d5 2. c4 e6 3. Nc3 Nc6 4. Nf3 a6 5. e4 dxe4 6. Nxe4 Nf6 7. Nxf6+ Qxf6 8. Bg5 Bb4+ 9. Bd2 Bxd2+ 10. Qxd2 0-0 11. Be2 Rd8 12. Rd1 b6 13. 0-0 Bb7 14. a3 Rd7 15. Qe3 Rad8 16. d5 exd5 17. cxd5 Ne7 18. Ne5 Rxd5 19. Ng4 Qd6 20. Rxd5 Nxd5 21. Qg5 Nf4 22. Nh6+ Kf8 23. Nf5 Nxe2+ 24. Kh1 Qf6 25. Qg4 Nd4 26. Rd1 Nxf5 27. Rxd8+ Qxd8 28. h3 g6 29. b4 h5 30. Qf4 Qd6 31. Qc1 c5 32. bxc5 bxc5 33. a4 Qd4 34. Kg1 c4 35. a5 c3 36. Qa3+ Kg7 37. Qb3 Be4 38. g4 hxg4 39. hxg4 c2 40. Qa3 Qd1+ 41. Kh2 Qh1# 0-1

[Event "Titled Tuesday intern op 25th Feb Early"]
[Site "Chess.com INT"]
[Date "2025.02.25"]
[Round "6"]
[White "Shuvalova, Polina"]
[Black "Grandelius, Nils"]
[Result "0-1"]
[WhiteElo "2508"]
[BlackElo "2644"]
[PlyCount "162"]
[EventDate "2025.02.25"]
[EventType "swiss (blitz)"]
[EventRounds "11"]
[EventCountry "USA"]
[SourceTitle "CB10_2025"]
[SourceDate "2025.03.05"]
[SourceVersion "1"]
[SourceVersionDate "2025.03.05"]
[SourceQuality "1"]

1. Nf3 d5 2. g3 Nd7 3. d4 Nb6 4. Bg2 Bf5 5. 0-0 e6 6. b3 Nf6 7. a4 a5 8. Ne5 c6 9. Nd3 Be7 10. Ba3 Bxa3 11. Nxa3 0-0 12. c3 Qe7 13. Nc2 Nbd7 14. c4 Rfd8 15. Rc1 dxc4 16. bxc4 e5 17. e3 exd4 18. exd4 Nb6 19. Re1 Qf8 20. Ne3 Bxd3 21. Qxd3 Nxa4 22. Nf5 Rd7 23. Rb1 g6 24. Ne3 Nc5 25. Qc3 Nce4 26. Qd3 Rad8 27. d5 cxd5 28. cxd5 Nd6 29. Rb6 h5 30. Qc3 Ng4 31. Nxg4 hxg4 32. Qd4 Re8 33. Rxe8 Qxe8 34. Qxg4 Qe1+ 35. Bf1 Rd8 36. h4 Qe5 37. Bg2 a4 38. Qxa4 Rc8 39. Rb1 b5 40. Qg4 Rc2 41. Qd7 Qf6 42. Rf1 b4 43. h5 gxh5 44. Qh3 b3 45. Qxh5 b2 46. Qg4+ Kf8 47. Qb4 Rc1 48. Qb8+ Kg7 49. Qb4 Rxf1+ 50. Bxf1 Qe5 51. Bd3 Kf6 52. Kf1 Kg7 53. Bc2 Ne8 54. Qb3 Nf6 55. Bb1 Nxd5 56. Qd3 Nf6 57. Kg2 Qd5+ 58. Kf1 Qh1+ 59. Ke2 Qb7 60. Qf5 Qe7+ 61. Kf1 Kf8 62. Kg1 Qd6 63. Kg2 Qc6+ 64. Kg1 Qc1+ 65. Kg2 Qc6+ 66. Kg1 Ke7 67. Qd3 Qb6 68. Qe2+ Kd8 69. Qd3+ Nd7 70. Qf5 Ke7 71. Qe4+ Qe6 72. Qc2 Qe5 73. Qd3 Nc5 74. Qc2 Ne6 75. Qd3 Nd4 76. Kg2 Qd5+ 77. Kh3 Qh1+ 78. Kg4 Qd5 79. f4 Qe6+ 80. Kh4 Qh6+ 81. Kg4 f5+ 0-1

[Event "Chessable Masters Play In"]
[Site "Chess.com INT"]
[Date "2025.02.17"]
[Round "2"]
[White "Batsuren, Dambasuren"]
[Black "Grandelius, Nils"]
[Result "0-1"]
[WhiteElo "2537"]
[BlackElo "2644"]
[PlyCount "56"]
[EventDate "2025.02.17"]
[EventType "swiss (blitz)"]
[EventRounds "9"]
[EventCountry "USA"]
[SourceTitle "CB08_2025"]
[SourceDate "2025.02.19"]
[SourceVersion "1"]
[SourceVersionDate "2025.02.19"]
[SourceQuality "1"]

1. d4 d5 2. c4 e6 3. Nc3 Nc6 4. Nf3 a6 5. cxd5 exd5 6. Bf4 Nf6 7. e3 Nh5 8. Bg5 Be7 9. Bxe7 Nxe7 10. Bd3 Nf6 11. Qc2 0-0 12. h3 g6 13. g4 Be6 14. Ne5 c5 15. dxc5 d4 16. Ne4 Nxe4 17. Bxe4 dxe3 18. fxe3 Qc7 19. Nd3 Bd5 20. Nf4 Bxe4 21. Qxe4 Qxc5 22. 0-0 Rae8 23. Rac1 Qb5 24. Qc2 Nc6 25. e4 Re5 26. Nd5 Nd4 27. Qh2 Ne2+ 28. Kg2 Rxd5 0-1

[Event "Chessable Masters Play In"]
[Site "Chess.com INT"]
[Date "2025.02.17"]
[Round "4"]
[White "Grandelius, Nils"]
[Black "Sarana, Alexey"]
[Result "1/2-1/2"]
[WhiteElo "2644"]
[BlackElo "2672"]
[PlyCount "73"]
[EventDate "2025.02.17"]
[EventType "swiss (blitz)"]
[EventRounds "9"]
[EventCountry "USA"]
[SourceTitle "CB08_2025"]
[SourceDate "2025.02.19"]
[SourceVersion "1"]
[SourceVersionDate "2025.02.19"]
[SourceQuality "1"]

1. d4 Nf6 2. c4 e6 3. Nc3 d5 4. cxd5 exd5 5. Bf4 Bd6 6. Bxd6 Qxd6 7. e3 Bf5 8. Nge2 Nbd7 9. Ng3 Bg6 10. Bd3 c6 11. h4 Bxd3 12. Qxd3 g6 13. h5 0-0-0 14. Qe2 Kb8 15. 0-0-0 Rhe8 16. hxg6 fxg6 17. Kb1 Re7 18. Nf1 h5 19. Nd2 Rde8 20. Nb3 Ng4 21. Qc2 Rf7 22. Rd2 Qf6 23. Nd1 Qg5 24. Re2 Rfe7 25. Rhe1 Nh6 26. f3 Nf5 27. e4 Ng3 28. Re3 Qf4 29. Nf2 Nf5 30. R3e2 Ng3 31. Re3 Nf5 32. R3e2 dxe4 33. fxe4 Ng3 34. Re3 Nf5 35. R3e2 Ng3 36. Re3 Nf5 37. R3e2 1/2-1/2

[Event "Titled Tuesday intern op 04th Feb Early"]
[Site "Chess.com INT"]
[Date "2025.02.04"]
[Round "4"]
[White "Grandelius, Nils"]
[Black "Nguyen, Quang Anh"]
[Result "0-1"]
[WhiteElo "2644"]
[BlackElo "2031"]
[PlyCount "66"]
[EventDate "2025.02.04"]
[EventType "swiss (blitz)"]
[EventRounds "11"]
[EventCountry "USA"]
[SourceTitle "CB07_2025"]
[SourceDate "2025.02.12"]
[SourceVersion "1"]
[SourceVersionDate "2025.02.12"]
[SourceQuality "1"]

1. d4 Nf6 2. Nf3 c5 3. d5 e6 4. Nc3 d6 5. e4 Be7 6. Bb5+ Bd7 7. dxe6 fxe6 8. Ng5 0-0 9. Bc4 Qc8 10. 0-0 h6 11. Nf3 Nc6 12. Bf4 Nxe4 13. Be3 Nxc3 14. bxc3 d5 15. Bd3 Be8 16. Re1 Bh5 17. Be2 Bf6 18. Bxc5 Bxc3 19. Bxf8 Qxf8 20. Rb1 Bxe1 21. Qxe1 Qf7 22. Qc3 Rf8 23. h3 e5 24. Qe1 Bxf3 25. Bxf3 e4 26. Bd1 Ne5 27. Qe3 Nc4 28. Qxa7 e3 29. Bf3 Nd2 30. Rxb7 Nxf3+ 31. gxf3 exf2+ 32. Kf1 Qg6 33. Qxf2 Qa6+ 0-1

[Event "Titled Tuesday intern op 07th Jan Early"]
[Site "Chess.com INT"]
[Date "2025.01.07"]
[Round "5"]
[White "Ahmad, Khagan"]
[Black "Grandelius, Nils"]
[Result "0-1"]
[WhiteElo "2406"]
[BlackElo "2639"]
[PlyCount "114"]
[EventDate "2025.01.07"]
[EventType "swiss (blitz)"]
[EventRounds "11"]
[EventCountry "USA"]
[SourceTitle "CB03_2025"]
[SourceDate "2025.01.15"]
[SourceVersion "1"]
[SourceVersionDate "2025.01.15"]
[SourceQuality "1"]

1. Nf3 d5 2. d4 e6 3. c4 a6 4. cxd5 exd5 5. Nc3 Nc6 6. Bg5 Be7 7. Bxe7 Ncxe7 8. e3 Nf6 9. Bd3 Bg4 10. Qb3 Bxf3 11. gxf3 Rb8 12. Rg1 0-0 13. 0-0-0 Qd6 14. Rg5 c5 15. dxc5 Qxc5 16. Rdg1 g6 17. Kb1 Qd6 18. h4 Qh2 19. Ne2 Qxh4 20. Qc3 d4 21. Nxd4 Qxf2 22. Nf5 Ned5 23. Qd4 Rbe8 24. f4 Kh8 25. R5g2 Qf3 26. e4 Qxf4 27. exd5 Qxd4 28. Nxd4 Nxd5 29. Bc4 Ne3 30. Bb3 Nxg2 31. Rxg2 Re4 32. Nc2 Kg7 33. a3 h5 34. Bd5 Re7 35. Nd4 Kh6 36. Nf3 Rd8 37. Bb3 f6 38. Ka2 g5 39. Rf2 g4 40. Nh4 Kg5 41. Nf5 Re5 42. Ng7 h4 43. Ne6+ Rxe6 44. Bxe6 h3 45. Rf5+ Kh4 46. Rxf6 h2 47. Rg6 Rd4 48. Rh6+ Kg3 49. Bc8 b6 50. Bxa6 Kg2 51. Bb7+ Kg1 52. Rh4 Rf4 53. b4 Rf2+ 54. Kb3 g3 55. Rd4 g2 56. Rd1+ Rf1 57. Rd2 h1Q 0-1

[Event "Titled Tuesday intern op 07th Jan Early"]
[Site "Chess.com INT"]
[Date "2025.01.07"]
[Round "10"]
[White "Grandelius, Nils"]
[Black "Martinez Alcantara, Jose Eduardo"]
[Result "0-1"]
[WhiteElo "2639"]
[BlackElo "2606"]
[PlyCount "100"]
[EventDate "2025.01.07"]
[EventType "swiss (blitz)"]
[EventRounds "11"]
[EventCountry "USA"]
[SourceTitle "CB03_2025"]
[SourceDate "2025.01.15"]
[SourceVersion "1"]
[SourceVersionDate "2025.01.15"]
[SourceQuality "1"]

1. Nf3 c5 2. c4 Nc6 3. Nc3 g6 4. e3 Bg7 5. d4 d6 6. Be2 e6 7. 0-0 cxd4 8. exd4 Nge7 9. d5 exd5 10. cxd5 Ne5 11. Nxe5 Bxe5 12. Bb5+ Bd7 13. Bxd7+ Qxd7 14. Re1 0-0 15. Qd3 Nf5 16. Bd2 Rfe8 17. Rac1 Rac8 18. b3 Rc7 19. Nb5 Rxc1 20. Rxc1 a6 21. Nc3 Rc8 22. Ne4 Rxc1+ 23. Bxc1 Qc7 24. Qc4 Qa5 25. g4 Qe1+ 26. Kg2 b5 27. Qc2 Ne7 28. Bh6 f6 29. Ng3 Qc3 30. Qxc3 Bxc3 31. Ne4 Nxd5 32. Kf3 Be5 33. h3 Kf7 34. Ke2 f5 35. gxf5 gxf5 36. Nd2 Nc3+ 37. Kd3 Nxa2 38. Nf3 Nb4+ 39. Kd2 Nc6 40. Be3 Bf6 41. Bb6 Ke6 42. Bc7 Kd5 43. Kd3 a5 44. Ne1 Nb4+ 45. Ke2 a4 46. bxa4 bxa4 47. Ba5 Nc6 48. Bd2 Kc4 49. Nc2 Nd4+ 50. Nxd4 Bxd4 0-1